000
00207 a2200097 4500
001
1872
100
_a
Feigenbaum, A.V.
245
_a
Total quality control
260
_a
_b
Mcgraw-Hill
_c
090
_c
1371
_d
1371
942
_a
NUST-CAE
_c
M
_c
4125
999
_c
236945
_d
236945